000 00966cad a22002055a 4500
001 L156911
008 120730e20120730xxk f 000 0 eng d
035 _a(Sirsi) u156911
041 0 _aeng
100 1 _aDonnell, Richard
245 0 0 _aHouse prices fell for first time in 2012 as slowdown reached London market
_h[electronic resource]
260 _c2012
490 0 _aHometrack Monthly National Housing Survey
_v30 July 2012
520 _aHouse prices fell by 0.1% in July, the first monthly decrease in 2012. London and the South East are starting to slow as demand weakens and supply of property available on the market increases.
590 _aKA
651 4 _aUnited Kingdom
_y
690 _aResidential property
_96266
856 4 0 _uhttps://www.hometrack.co.uk/our-insight/monthly-national-house-price-survey/house-prices-fall-for-first-time-in-2012-as-slowdown-reaches-london-market
_zView this item free of charge at www.hometrack.co.uk
942 _n0
999 _c114482
_d114482